<?xml version="1.0" encoding="UTF-8"?>
<record
    xmlns:xsi="http://www.w3.org/2001/XMLSchema-instance"
    xsi:schemaLocation="http://www.loc.gov/MARC21/slim http://www.loc.gov/standards/marcxml/schema/MARC21slim.xsd"
    xmlns="http://www.loc.gov/MARC21/slim">

  <leader>04636cam a22003974a 4500</leader>
  <datafield tag="999" ind1=" " ind2=" ">
    <subfield code="c">10358</subfield>
    <subfield code="d">10358</subfield>
  </datafield>
  <controlfield tag="001">47136533</controlfield>
  <controlfield tag="003">OCoLC</controlfield>
  <controlfield tag="005">20241126110730.0</controlfield>
  <controlfield tag="008">010605s2002    nyua     b    001 0 eng  </controlfield>
  <datafield tag="010" ind1=" " ind2=" ">
    <subfield code="a">2001037242</subfield>
  </datafield>
  <datafield tag="020" ind1=" " ind2=" ">
    <subfield code="a">038549114X</subfield>
    <subfield code="q">(alk. paper)</subfield>
  </datafield>
  <datafield tag="020" ind1=" " ind2=" ">
    <subfield code="a">9780385491143</subfield>
    <subfield code="q">(alk. paper)</subfield>
  </datafield>
  <datafield tag="020" ind1=" " ind2=" ">
    <subfield code="a">0385491158</subfield>
    <subfield code="q">(pbk.)</subfield>
  </datafield>
  <datafield tag="020" ind1=" " ind2=" ">
    <subfield code="a">9780385491150</subfield>
    <subfield code="q">(pbk.)</subfield>
  </datafield>
  <datafield tag="035" ind1=" " ind2=" ">
    <subfield code="a">(OCoLC)47136533</subfield>
    <subfield code="z">(OCoLC)53329477</subfield>
    <subfield code="z">(OCoLC)229320197</subfield>
    <subfield code="z">(OCoLC)969874363</subfield>
    <subfield code="z">(OCoLC)977825993</subfield>
  </datafield>
  <datafield tag="040" ind1=" " ind2=" ">
    <subfield code="a">DLC</subfield>
    <subfield code="b">eng</subfield>
    <subfield code="c">DLC</subfield>
    <subfield code="d">NOR</subfield>
    <subfield code="d">OCLCQ</subfield>
    <subfield code="d">BTCTA</subfield>
    <subfield code="d">YDXCP</subfield>
    <subfield code="d">OCLCG</subfield>
    <subfield code="d">IG#</subfield>
    <subfield code="d">BTN</subfield>
    <subfield code="d">OCLCF</subfield>
    <subfield code="d">OCLCO</subfield>
    <subfield code="d">OCLCQ</subfield>
    <subfield code="d">SFR</subfield>
    <subfield code="d">BAKER</subfield>
    <subfield code="d">SEO</subfield>
    <subfield code="d">BDX</subfield>
    <subfield code="d">OCLCQ</subfield>
    <subfield code="d">CNUTO</subfield>
    <subfield code="d">AL5CN</subfield>
    <subfield code="d">OCLCQ</subfield>
    <subfield code="d">XBE</subfield>
    <subfield code="d">BRL</subfield>
    <subfield code="d">OCLCQ</subfield>
    <subfield code="d">NYHOF</subfield>
    <subfield code="d">OCLCQ</subfield>
    <subfield code="d">IL4J6</subfield>
    <subfield code="d">OCLCO</subfield>
    <subfield code="d">OCLCQ</subfield>
    <subfield code="d">OCLCO</subfield>
    <subfield code="d">OCLCL</subfield>
  </datafield>
  <datafield tag="042" ind1=" " ind2=" ">
    <subfield code="a">pcc</subfield>
  </datafield>
  <datafield tag="050" ind1="0" ind2="0">
    <subfield code="a">BR145.2</subfield>
    <subfield code="b">.M69 2002</subfield>
  </datafield>
  <datafield tag="055" ind1=" " ind2="3">
    <subfield code="a">BR145.2</subfield>
    <subfield code="b">.M69 2003</subfield>
  </datafield>
  <datafield tag="060" ind1=" " ind2="4">
    <subfield code="a">270 M938f</subfield>
  </datafield>
  <datafield tag="082" ind1="0" ind2="0">
    <subfield code="a">270</subfield>
    <subfield code="2">21</subfield>
    <subfield code="b">MOY</subfield>
  </datafield>
  <datafield tag="100" ind1="1" ind2=" ">
    <subfield code="a">Moynahan, Brian,</subfield>
    <subfield code="d">1941-</subfield>
    <subfield code="9">17980</subfield>
  </datafield>
  <datafield tag="245" ind1="1" ind2="4">
    <subfield code="a">The faith :</subfield>
    <subfield code="b">a history of Christianity /</subfield>
    <subfield code="c">Brian Moynahan</subfield>
  </datafield>
  <datafield tag="250" ind1=" " ind2=" ">
    <subfield code="a">1st ed</subfield>
  </datafield>
  <datafield tag="260" ind1=" " ind2=" ">
    <subfield code="a">New York :</subfield>
    <subfield code="b">Doubleday,</subfield>
    <subfield code="c">2002</subfield>
  </datafield>
  <datafield tag="300" ind1=" " ind2=" ">
    <subfield code="a">viii, 806 pages :</subfield>
    <subfield code="b">illustrations ;</subfield>
    <subfield code="c">25 cm</subfield>
  </datafield>
  <datafield tag="336" ind1=" " ind2=" ">
    <subfield code="a">text</subfield>
    <subfield code="b">txt</subfield>
    <subfield code="2">rdacontent</subfield>
  </datafield>
  <datafield tag="337" ind1=" " ind2=" ">
    <subfield code="a">unmediated</subfield>
    <subfield code="b">n</subfield>
    <subfield code="2">rdamedia</subfield>
  </datafield>
  <datafield tag="338" ind1=" " ind2=" ">
    <subfield code="a">volume</subfield>
    <subfield code="b">nc</subfield>
    <subfield code="2">rdacarrier</subfield>
  </datafield>
  <datafield tag="504" ind1=" " ind2=" ">
    <subfield code="a">Includes bibliographical references (pages 761-767) and index</subfield>
  </datafield>
  <datafield tag="505" ind1="0" ind2="0">
    <subfield code="g">1.</subfield>
    <subfield code="t">The cross --</subfield>
    <subfield code="g">2.</subfield>
    <subfield code="t">The master builder : Paul --</subfield>
    <subfield code="g">3.</subfield>
    <subfield code="t">The third race : early writing and worship --</subfield>
    <subfield code="g">4.</subfield>
    <subfield code="t">The blood of martyrs --</subfield>
    <subfield code="g">5.</subfield>
    <subfield code="t">"Conquer by this" : Constantine --</subfield>
    <subfield code="g">6.</subfield>
    <subfield code="t">Heretics --</subfield>
    <subfield code="g">7.</subfield>
    <subfield code="t">"through them the world is kept in being" : monks --</subfield>
    <subfield code="g">8.</subfield>
    <subfield code="t">The transpierced heart : Augustine --</subfield>
    <subfield code="g">9.</subfield>
    <subfield code="t">Lost Atlantis : the Islamic invasions --</subfield>
    <subfield code="g">10. "A</subfield>
    <subfield code="t">slave in Christ for foreign people" : the Pagan conversions --</subfield>
    <subfield code="g">11. "A</subfield>
    <subfield code="t">carnage of pagans" : crusades --</subfield>
    <subfield code="g">12.</subfield>
    <subfield code="t">"Act with a kindly harshness" : the laws of war --</subfield>
    <subfield code="g">13.</subfield>
    <subfield code="t">"O fire of love" : manifestations of the spirit --</subfield>
    <subfield code="g">14.</subfield>
    <subfield code="t">"If golde ruste, what should iren do?" : early reformers --</subfield>
    <subfield code="g">15.</subfield>
    <subfield code="t">"something that appeals to the eye" : papal attitudes --</subfield>
    <subfield code="g">16.</subfield>
    <subfield code="t">"By faith alone" : printing and protestants --</subfield>
    <subfield code="g">17.</subfield>
    <subfield code="t">The word of God : the Bible as lethal weapon --</subfield>
    <subfield code="g">18.</subfield>
    <subfield code="t">"Keep watch over the lives of everyone" : Calvin and the Puritans --</subfield>
    <subfield code="g">19. "The</subfield>
    <subfield code="t">prince's wrath means death" : English speakers --</subfield>
    <subfield code="g">20.</subfield>
    <subfield code="t">Roman soldiers : Counter-reformation --</subfield>
    <subfield code="g">21.</subfield>
    <subfield code="t">"Art thou become quite other than thyself, so cruel?" : the Spanish Inquisition --</subfield>
    <subfield code="g">22.</subfield>
    <subfield code="t">"Rather a country ruined than a country damned" : the wars of religion --</subfield>
    <subfield code="g">23.</subfield>
    <subfield code="t">God's charnel house : the witch-finders --</subfield>
    <subfield code="g">24.</subfield>
    <subfield code="t">"I the voice of Christ in the desert of this island" : the Americas --</subfield>
    <subfield code="g">25. "A</subfield>
    <subfield code="t">desert-dweller in pursuit of wild beasts" : the Jesuits in Paraguay --</subfield>
    <subfield code="g">26. "The</subfield>
    <subfield code="t">attractive African meteor" : the slave trade --</subfield>
    <subfield code="g">27.</subfield>
    <subfield code="t">"Rock, rock, oh when will thou open, rock? " : eastern missions --</subfield>
    <subfield code="g">28. "The</subfield>
    <subfield code="t">Lord make it like New England" : Protestant America --</subfield>
    <subfield code="g">29. "The</subfield>
    <subfield code="t">melancholy wastes of woe" : revolutions --</subfield>
    <subfield code="g">30.</subfield>
    <subfield code="t">"American Z ion" : Mormons --</subfield>
    <subfield code="g">31.</subfield>
    <subfield code="t">"Drawing the eye-tooth of the tiger" : missions --</subfield>
    <subfield code="g">32.</subfield>
    <subfield code="t">The descent of man : Darwin --</subfield>
    <subfield code="g">33.</subfield>
    <subfield code="t">"The</subfield>
    <subfield code="t">godless rulers of darkness" : totalitarians --</subfield>
    <subfield code="g">34.</subfield>
    <subfield code="t">"I have a dream" : liberation theology --</subfield>
    <subfield code="g">35.</subfield>
    <subfield code="t">Charisma</subfield>
  </datafield>
  <datafield tag="520" ind1="1" ind2=" ">
    <subfield code="a">"Moynahan traces the extraordinary journey that Christianity has made from its start as a small and vulnerable sect - "They were crucified or set on fire," Tacitus wrote of Christians, in Nero's Rome, "so that when darkness came they burned like torches in the night"--To the world's greatest congregation of almost two billion baptized souls. The Faith opens with the story of Jesus himself, the Resurrection, and the spreading of the Gospels. It shows how the young religion's growing power in the East, the cradle of its early monks and philosophers, was broken by the Islamic conquests, and how its energies were redirected westward into barbarian Europe. Moynahan covers in lucid detail the intensity of the medieval faith, with its titanic cathedrals, its clashes between Islam and Christendom, and its fracture into Reformation, Catholic Counter-Reformation, and the religious dissent that drove settlers to seek religious freedom in the Americas." "Based on little-known primary sources (including early Arabic writings), and featuring more than one hundred photographs and illustrations, this extraordinary history will be of interest to Christians of all denominations, to historians, and to every reader who seeks a fuller understanding of a force that has shaped the modern world."--Jacket</subfield>
  </datafield>
  <datafield tag="650" ind1=" " ind2="0">
    <subfield code="a">Church history</subfield>
    <subfield code="9">117</subfield>
  </datafield>
  <datafield tag="776" ind1="0" ind2="8">
    <subfield code="i">Online version:</subfield>
    <subfield code="a">Moynahan, Brian, 1941-</subfield>
    <subfield code="t">Faith.</subfield>
    <subfield code="b">1st ed.</subfield>
    <subfield code="d">New York : Doubleday, 2002</subfield>
    <subfield code="w">(OCoLC)636321935</subfield>
  </datafield>
  <datafield tag="942" ind1=" " ind2=" ">
    <subfield code="2">ddc</subfield>
    <subfield code="c">BK</subfield>
    <subfield code="0">1</subfield>
  </datafield>
  <datafield tag="952" ind1=" " ind2=" ">
    <subfield code="0">0</subfield>
    <subfield code="1">0</subfield>
    <subfield code="2">ddc</subfield>
    <subfield code="4">0</subfield>
    <subfield code="7">0</subfield>
    <subfield code="a">GBC</subfield>
    <subfield code="b">GBC</subfield>
    <subfield code="c">CH</subfield>
    <subfield code="d">2024-06-28</subfield>
    <subfield code="l">3</subfield>
    <subfield code="o">270 MOY</subfield>
    <subfield code="p">017011</subfield>
    <subfield code="r">2026-02-12 15:01:05</subfield>
    <subfield code="s">2026-02-09</subfield>
    <subfield code="t">c.1</subfield>
    <subfield code="w">2024-06-28</subfield>
    <subfield code="y">BK</subfield>
  </datafield>
</record>
